[Event "Donbass Cup"]
[Site "Donetsk"]
[Date "2009.04.11"]
[Round "5"]
[White "Stopkin, Vladimir"]
[Black "Chulivska, Vita"]
[Result "1/2-1/2"]
[WhiteElo "2261"]
[BlackElo "2338"]
[PlyCount "42"]
[EventDate "2009.04.07"]
[EventType "tourn"]
[EventRounds "11"]
[EventCountry "UKR"]
[EventCategory "2"]
[SourceTitle "CBM 129 Extra"]
[Source "ChessBase"]
[SourceDate "2009.05.05"]
[SourceVersion "2"]
[SourceVersionDate "2009.05.20"]
[SourceQuality "1"]

1. Nf3 c5 2. c4 Nc6 3. g3 e5 4. Nc3 g6 5. Bg2 Bg7 6. 0-0 Nge7 7. Ne1 d6 8. a3 Be6 9. Nd5 a5 10. d3 0-0 11. Nc2 f5 12. Rb1 Bf7 13. b4 axb4 14. axb4 Nxd5 15. cxd5 Nxb4 16. Nxb4 cxb4 17. Rxb4 Qa5 18. Qb3 Qa2 19. Bb2 Rfb8 20. e4 b5 21. f4 Qxb3 1/2-1/2

[Event "Chervonograd IM-A"]
[Site "Chervonograd"]
[Date "2008.11.09"]
[Round "14"]
[White "Melnichenko, Alexander"]
[Black "Stopkin, Vladimir"]
[Result "1/2-1/2"]
[WhiteElo "2231"]
[BlackElo "2248"]
[PlyCount "29"]
[EventDate "2008.11.01"]
[EventType "tourn"]
[EventRounds "15"]
[EventCountry "UKR"]
[EventCategory "3"]
[SourceTitle "EXT 2009"]
[Source "ChessBase"]
[SourceDate "2008.11.26"]
[SourceVersion "1"]
[SourceVersionDate "2008.11.26"]
[SourceQuality "1"]

1. d4 d5 2. c4 e6 3. Nc3 c5 4. cxd5 exd5 5. Nf3 Nc6 6. g3 Nf6 7. Bg2 Be7 8. 0-0 0-0 9. Bg5 cxd4 10. Nxd4 h6 11. Be3 Re8 12. Qa4 Bd7 13. Rfd1 Nb4 14. Qb3 a5 15. a4 1/2-1/2

[Event "Chervonograd IM-A"]
[Site "Chervonograd"]
[Date "2008.11.01"]
[Round "1"]
[White "Gorbatenko, Kateryna"]
[Black "Stopkin, Vladimir"]
[Result "1/2-1/2"]
[WhiteElo "2085"]
[BlackElo "2248"]
[PlyCount "83"]
[EventDate "2008.11.01"]
[EventType "tourn"]
[EventRounds "15"]
[EventCountry "UKR"]
[EventCategory "3"]
[SourceTitle "EXT 2009"]
[Source "ChessBase"]
[SourceDate "2008.11.26"]
[SourceVersion "1"]
[SourceVersionDate "2008.11.26"]
[SourceQuality "1"]

1. d4 d5 2. c4 e6 3. Nc3 c5 4. e3 Nf6 5. Nf3 Nc6 6. cxd5 Nxd5 7. Bc4 Nxc3 8. bxc3 cxd4 9. cxd4 Bb4+ 10. Bd2 Bxd2+ 11. Qxd2 Qa5 12. Rb1 Ke7 13. h4 Rd8 14. Qxa5 Nxa5 15. Bd3 h6 16. Ke2 Bd7 17. Ne5 Rac8 18. g4 Be8 19. Rhc1 Rxc1 20. Rxc1 f6 21. Ng6+ Bxg6 22. Bxg6 Kd7 23. Bd3 Rc8 24. Rg1 Nc6 25. g5 hxg5 26. hxg5 f5 27. d5 Ne7 28. dxe6+ Kxe6 29. Rb1 b6 30. f4 Nd5 31. Kd2 Rh8 32. Bc4 Rc8 33. Bb3 Kd6 34. Rh1 Re8 35. Rh7 Re7 36. Bxd5 Kxd5 37. Kd3 Ke6 38. Rh8 Rd7+ 39. Kc2 Rc7+ 40. Kd3 Rd7+ 41. Kc2 Kf7 42. Rc8 1/2-1/2

[Event "Kharkov Glassy Stream"]
[Site "Kharkov"]
[Date "2006.09.30"]
[Round "11"]
[White "Stopkin, Vladimir"]
[Black "Simantsev, Mikhail"]
[Result "0-1"]
[WhiteElo "2296"]
[BlackElo "2373"]
[PlyCount "46"]
[EventDate "2006.09.22"]
[EventType "tourn"]
[EventRounds "11"]
[EventCountry "UKR"]
[EventCategory "4"]
[SourceTitle "CBM 114 Extra"]
[Source "ChessBase"]
[SourceDate "2006.11.03"]
[SourceVersion "1"]
[SourceVersionDate "2006.11.03"]
[SourceQuality "1"]

1. g3 c5 2. c4 Nf6 3. Nc3 e6 4. Nf3 b6 5. Bg2 Bb7 6. 0-0 Be7 7. d3 0-0 8. e4 d6 9. b3 a6 10. Bb2 Nc6 11. Ne1 Rb8 12. Nc2 Ba8 13. g4 b5 14. h3 Nd7 15. f4 g6 16. Ne2 Bf6 17. Bxf6 Qxf6 18. f5 Qg5 19. Qe1 Nce5 20. Rd1 gxf5 21. gxf5 bxc4 22. dxc4 Bxe4 23. Nf4 Bxc2 0-1

[Event "Kharkov Glassy Stream"]
[Site "Kharkov"]
[Date "2006.09.27"]
[Round "7"]
[White "Stopkin, Vladimir"]
[Black "Ivanov, Alexander Al"]
[Result "1/2-1/2"]
[WhiteElo "2296"]
[BlackElo "2394"]
[PlyCount "39"]
[EventDate "2006.09.22"]
[EventType "tourn"]
[EventRounds "11"]
[EventCountry "UKR"]
[EventCategory "4"]
[SourceTitle "CBM 114 Extra"]
[Source "ChessBase"]
[SourceDate "2006.11.03"]
[SourceVersion "1"]
[SourceVersionDate "2006.11.03"]
[SourceQuality "1"]

1. c4 c5 2. Nc3 Nc6 3. g3 g6 4. Bg2 Bg7 5. Nf3 Nf6 6. 0-0 0-0 7. a3 d6 8. Rb1 Bd7 9. b4 b6 10. b5 Na5 11. d3 e6 12. Bb2 Qc7 13. a4 Rad8 14. e4 Ne8 15. Re1 Bc8 16. Nd2 Bb7 17. Nb3 Nxb3 18. Qxb3 Bd4 19. Ne2 Bxb2 20. Rxb2 1/2-1/2

[Event "Ilichevsk Sunny Pawn-A"]
[Site "Ilichevsk"]
[Date "2006.07.30"]
[Round "10"]
[White "Zavgorodniy, Sergiy"]
[Black "Stopkin, Vladimir"]
[Result "1/2-1/2"]
[WhiteElo "2430"]
[BlackElo "2296"]
[PlyCount "44"]
[EventDate "2006.07.20"]
[EventType "tourn"]
[EventRounds "11"]
[EventCountry "UKR"]
[EventCategory "7"]
[SourceTitle "CBM 113 Extra"]
[Source "ChessBase"]
[SourceDate "2006.09.14"]
[SourceVersion "1"]
[SourceVersionDate "2006.09.14"]
[SourceQuality "1"]

1. e4 c5 2. Nf3 Nc6 3. Bb5 g6 4. 0-0 Bg7 5. c3 Nf6 6. Re1 0-0 7. h3 Qb6 8. Na3 a6 9. Bf1 d5 10. e5 Ne8 11. d3 Nc7 12. Nc2 d4 13. c4 Ne6 14. Qe2 Bd7 15. Rb1 f6 16. exf6 exf6 17. Bd2 a5 18. Qd1 Nb4 19. a3 Nxc2 20. Qxc2 Bc6 21. Nh2 Qc7 22. Be2 f5 1/2-1/2

[Event "Ilichevsk Sunny Pawn-A"]
[Site "Ilichevsk"]
[Date "2006.07.24"]
[Round "5"]
[White "Stopkin, Vladimir"]
[Black "Savchenko, Stanislav"]
[Result "0-1"]
[WhiteElo "2296"]
[BlackElo "2508"]
[PlyCount "100"]
[EventDate "2006.07.20"]
[EventType "tourn"]
[EventRounds "11"]
[EventCountry "UKR"]
[EventCategory "7"]
[SourceTitle "CBM 113 Extra"]
[Source "ChessBase"]
[SourceDate "2006.09.14"]
[SourceVersion "1"]
[SourceVersionDate "2006.09.14"]
[SourceQuality "1"]

1. Nf3 d5 2. g3 Bg4 3. Bg2 Nd7 4. c4 e6 5. Qa4 c6 6. cxd5 Bxf3 7. Bxf3 exd5 8. d3 Ngf6 9. 0-0 Bd6 10. e4 dxe4 11. dxe4 0-0 12. Nc3 Re8 13. Qc2 Qe7 14. Bd2 Rad8 15. Rae1 Bc5 16. Bc1 Ne5 17. Be2 Bd4 18. Kg2 Ned7 19. f3 a6 20. Nd1 Qc5 21. Qxc5 Nxc5 22. b4 Na4 23. Bc4 Nc3 24. Ne3 Nd7 25. f4 Nb6 26. Bb3 Nxe4 27. Ng4 Nd5 28. Ne5 Bxe5 29. fxe5 Rxe5 30. g4 Rde8 31. Bb2 R5e7 32. Rf5 Nd6 33. Rxe7 Rxe7 34. Re5 Rxe5 35. Bxe5 Nc4 36. Bd4 b5 37. Bc5 f6 38. Kg3 Kf7 39. h4 g6 40. h5 Ne5 41. Bc2 Nd7 42. h6 Nxc5 43. bxc5 a5 44. a3 a4 45. Kf3 Ne7 46. Ke4 Ke6 47. Kd4 f5 48. g5 Nd5 49. Bb1 Nf4 50. Ba2+ Ke7 0-1

[Event "Ilichevsk Sunny Pawn-A"]
[Site "Ilichevsk"]
[Date "2006.07.20"]
[Round "1"]
[White "Itkis, Boris"]
[Black "Stopkin, Vladimir"]
[Result "1-0"]
[WhiteElo "2453"]
[BlackElo "2296"]
[PlyCount "119"]
[EventDate "2006.07.20"]
[EventType "tourn"]
[EventRounds "11"]
[EventCountry "UKR"]
[EventCategory "7"]
[SourceTitle "CBM 113 Extra"]
[Source "ChessBase"]
[SourceDate "2006.09.14"]
[SourceVersion "1"]
[SourceVersionDate "2006.09.14"]
[SourceQuality "1"]

1. e4 c5 2. Nf3 Nc6 3. Bb5 g6 4. 0-0 Bg7 5. Re1 Nf6 6. e5 Nd5 7. Nc3 Nc7 8. Bxc6 dxc6 9. Ne4 0-0 10. Nxc5 b6 11. Ne4 c5 12. d3 f5 13. Ng3 Ne6 14. Bd2 Bb7 15. b4 Qc7 16. bxc5 bxc5 17. Rb1 Rab8 18. Nf1 Qc6 19. Ne3 Ba8 20. Rxb8 Rxb8 21. Nc4 Nd4 22. Be3 g5 23. h3 h6 24. Bxd4 cxd4 25. Qa1 Rd8 26. Qb2 Qc5 27. Nfd2 h5 28. Qa3 Qc7 29. f3 Qd7 30. Qa5 e6 31. Nb3 Qe7 32. Qa3 Qc7 33. Qc5 Qxc5 34. Nxc5 Bd5 35. Nb3 Bf8 36. Nbd2 Rb8 37. Kf1 Kf7 38. Ke2 Ke7 39. a3 Kd7 40. Nb3 Rc8 41. Nbd2 Rb8 42. Ra1 Bg7 43. a4 Kc7 44. Kf2 Rb4 45. g4 hxg4 46. hxg4 Rb8 47. gxf5 exf5 48. Rg1 Bh6 49. Nb3 g4 50. Nxd4 Rf8 51. Rh1 Bg5 52. Rh5 Rg8 53. Nxf5 Bxf3 54. Kg3 Kb8 55. e6 Bd5 56. Ne7 Bxe7 57. Rxd5 Bd8 58. Rb5+ Kc7 59. d4 Bf6 60. c3 1-0

[Event "Ternopol Kaplun Memorial 9th"]
[Site "Ternopol"]
[Date "2006.05.26"]
[Round "4"]
[White "Kalinin, Oleg"]
[Black "Stopkin, Vladimir"]
[Result "1/2-1/2"]
[WhiteElo "2372"]
[BlackElo "2310"]
[PlyCount "36"]
[EventDate "2006.05.24"]
[EventType "tourn"]
[EventRounds "9"]
[EventCountry "UKR"]
[EventCategory "2"]
[SourceTitle "CBM 112 Extra"]
[Source "ChessBase"]
[SourceDate "2006.07.14"]
[SourceVersion "1"]
[SourceVersionDate "2006.07.14"]
[SourceQuality "1"]

1. d4 d5 2. c4 e6 3. Nc3 c5 4. cxd5 exd5 5. Nf3 Nc6 6. g3 Nf6 7. Bg2 Be7 8. 0-0 0-0 9. dxc5 Bxc5 10. Bg5 d4 11. Bxf6 Qxf6 12. Nd5 Qd8 13. Nd2 Bh3 14. Bxh3 Qxd5 15. Bg2 Qh5 16. Bf3 Qf5 17. Be4 Qh5 18. Bf3 Qf5 1/2-1/2

[Event "Ternopol Kaplun Memorial 9th"]
[Site "Ternopol"]
[Date "2006.05.26"]
[Round "5"]
[White "Stopkin, Vladimir"]
[Black "Skalski, Michal"]
[Result "0-1"]
[WhiteElo "2310"]
[BlackElo "2327"]
[PlyCount "136"]
[EventDate "2006.05.24"]
[EventType "tourn"]
[EventRounds "9"]
[EventCountry "UKR"]
[EventCategory "2"]
[SourceTitle "CBM 112 Extra"]
[Source "ChessBase"]
[SourceDate "2006.07.14"]
[SourceVersion "1"]
[SourceVersionDate "2006.07.14"]
[SourceQuality "1"]

1. c4 Nf6 2. Nc3 g6 3. g3 Bg7 4. Bg2 0-0 5. Nf3 d6 6. 0-0 e5 7. d3 Nc6 8. Rb1 a5 9. a3 h6 10. b4 axb4 11. axb4 Be6 12. b5 Ne7 13. Bb2 Nd7 14. Nd2 c6 15. Ra1 d5 16. cxd5 cxd5 17. Qc2 Rc8 18. Qa4 e4 19. Nd1 exd3 20. exd3 Nc5 21. Qa3 d4 22. Ne4 b6 23. Nxc5 Rxc5 24. Qa4 Bd7 25. Ba3 Rxb5 26. Qc2 Be6 27. Nb2 Rb3 28. Na4 Re8 29. Rab1 Rxb1 30. Rxb1 Nd5 31. Bxd5 Qxd5 32. Nxb6 Qf3 33. Qd1 Qc6 34. Qc1 Qf3 35. Qd1 Qf5 36. Nc4 Ra8 37. Bb2 Rb8 38. Ba3 Rxb1 39. Qxb1 Qf3 40. Nd2 Qe2 41. Ne4 Bd5 42. Bb4 Qf3 43. Be7 f5 44. Qb5 Bxe4 45. dxe4 fxe4 46. Qd5+ Kh7 47. Bc5 h5 48. Qb7 Qg4 49. h4 Qf3 50. Bd6 Qf5 51. Bf4 Qe6 52. Kf1 Qf5 53. Ke2 Qe6 54. Qa7 Qc4+ 55. Ke1 d3 56. Qc7 Qxc7 57. Bxc7 Bc3+ 58. Kd1 Kg7 59. Bb6 Kf6 60. Be3 Kf5 61. Bb6 Kg4 62. Bc5 Kf3 63. Bb6 Bg7 64. Be3 Bf8 65. Ke1 Bd6 66. Bb6 Be5 67. Bc5 e3 68. Bxe3 Bxg3 0-1

[Event "Nabokov Memorial 4th"]
[Site "Kiev"]
[Date "2006.04.09"]
[Round "7"]
[White "Pavlov, Sergey1"]
[Black "Stopkin, Vladimir"]
[Result "1/2-1/2"]
[WhiteElo "2451"]
[BlackElo "2310"]
[PlyCount "47"]
[EventDate "2006.04.03"]
[EventType "tourn"]
[EventRounds "11"]
[EventCountry "UKR"]
[EventCategory "4"]
[SourceTitle "CBM 111 Extra"]
[Source "ChessBase"]
[SourceDate "2006.05.09"]
[SourceVersion "1"]
[SourceVersionDate "2006.05.09"]
[SourceQuality "1"]

1. e4 c5 2. Nf3 Nc6 3. d4 cxd4 4. Nxd4 g6 5. c4 Bg7 6. Be3 Nf6 7. Nc3 0-0 8. Be2 b6 9. 0-0 Bb7 10. f3 Nh5 11. Qd2 Nf4 12. Bxf4 Nxd4 13. Bd3 Rc8 14. Rac1 Ne6 15. Be3 Bd4 16. Kh1 Bxe3 17. Qxe3 Nc5 18. Bb1 Ba6 19. b3 e5 20. Rfd1 Ne6 21. Ne2 Qe7 22. Rd2 Bb7 23. Rcd1 Rfd8 24. Bd3 1/2-1/2

[Event "Nabokov Memorial 4th"]
[Site "Kiev"]
[Date "2006.04.07"]
[Round "5"]
[White "Stopkin, Vladimir"]
[Black "Khamitskiy, Sergei"]
[Result "1/2-1/2"]
[WhiteElo "2310"]
[BlackElo "2201"]
[PlyCount "27"]
[EventDate "2006.04.03"]
[EventType "tourn"]
[EventRounds "11"]
[EventCountry "UKR"]
[EventCategory "4"]
[SourceTitle "CBM 111 Extra"]
[Source "ChessBase"]
[SourceDate "2006.05.09"]
[SourceVersion "1"]
[SourceVersionDate "2006.05.09"]
[SourceQuality "1"]

1. Nf3 Nf6 2. g3 c5 3. Bg2 Nc6 4. 0-0 d5 5. d3 e6 6. Nbd2 Be7 7. e4 b6 8. Re1 Bb7 9. e5 Nd7 10. h4 Qc7 11. Qe2 h6 12. Nf1 0-0-0 13. N1h2 Kb8 14. Ng4 1/2-1/2

[Event "Sakharov Memorial 4th"]
[Site "Kiev"]
[Date "2005.07.14"]
[Round "11"]
[White "Stopkin, Vladimir"]
[Black "Evchin, Maxim"]
[Result "1/2-1/2"]
[WhiteElo "2319"]
[BlackElo "2256"]
[PlyCount "28"]
[EventDate "2005.07.04"]
[EventType "tourn"]
[EventRounds "11"]
[EventCountry "UKR"]
[EventCategory "2"]
[SourceTitle "EXT 2006"]
[Source "ChessBase"]
[SourceDate "2005.11.24"]
[SourceVersion "1"]
[SourceVersionDate "2005.11.24"]
[SourceQuality "1"]

1. c4 c5 2. Nc3 g6 3. g3 Bg7 4. Bg2 Nc6 5. a3 a6 6. Rb1 Rb8 7. b4 cxb4 8. axb4 b5 9. cxb5 axb5 10. e4 e5 11. d3 Nge7 12. Nge2 d6 13. 0-0 0-0 14. Bg5 f6 1/2-1/2

[Event "Sakharov Memorial 4th"]
[Site "Kiev"]
[Date "2005.07.12"]
[Round "9"]
[White "Stopkin, Vladimir"]
[Black "Galinsky, Timofey"]
[Result "1-0"]
[WhiteElo "2319"]
[BlackElo "2426"]
[PlyCount "57"]
[EventDate "2005.07.04"]
[EventType "tourn"]
[EventRounds "11"]
[EventCountry "UKR"]
[EventCategory "2"]
[SourceTitle "EXT 2006"]
[Source "ChessBase"]
[SourceDate "2005.11.24"]
[SourceVersion "1"]
[SourceVersionDate "2005.11.24"]
[SourceQuality "1"]

1. Nf3 Nf6 2. c4 e6 3. g3 d5 4. b3 Be7 5. Bg2 0-0 6. 0-0 c5 7. Bb2 Nc6 8. e3 b6 9. Nc3 Bb7 10. cxd5 Nxd5 11. Nxd5 Qxd5 12. d4 Rfd8 13. Ne5 Qd6 14. Qh5 g6 15. Qf3 Nxe5 16. Qxb7 Nd3 17. dxc5 Nxc5 18. Qxa8 Rxa8 19. Bxa8 Qd2 20. Bd4 a5 21. Bf3 h5 22. Rfd1 Qc2 23. Rac1 Qxa2 24. b4 Nd7 25. Rc7 axb4 26. Rxd7 Bc5 27. Rd8+ Bf8 28. Rxf8+ Kxf8 29. Bf6 1-0

[Event "Nabokov Memorial 3rd"]
[Site "Kiev"]
[Date "2005.04.25"]
[Round "8"]
[White "Pavlov, Sergey1"]
[Black "Stopkin, Vladimir"]
[Result "1-0"]
[WhiteElo "2449"]
[BlackElo "2337"]
[PlyCount "77"]
[EventDate "2005.04.19"]
[EventType "tourn"]
[EventRounds "11"]
[EventCountry "UKR"]
[EventCategory "5"]
[SourceTitle "CBM 105 Extra"]
[Source "ChessBase"]
[SourceDate "2005.05.01"]
[SourceVersion "1"]
[SourceVersionDate "2005.05.01"]
[SourceQuality "1"]

1. e4 c5 2. Nf3 Nc6 3. d4 cxd4 4. Nxd4 g6 5. c4 Bg7 6. Be3 Nf6 7. Nc3 0-0 8. Be2 d6 9. 0-0 Bd7 10. Nc2 Be6 11. Rc1 Nd7 12. Qd2 Re8 13. b3 Rc8 14. Nd5 Nc5 15. f3 a5 16. Rfd1 b6 17. Bf1 Rb8 18. Rb1 Bc8 19. a3 Bb7 20. b4 axb4 21. axb4 Nd7 22. h3 Ba8 23. Rb3 Qc8 24. Ra3 Nce5 25. Qe2 f5 26. exf5 gxf5 27. Bg5 Bf8 28. f4 e6 29. fxe5 exd5 30. e6 Ne5 31. cxd5 b5 32. Rg3 Bg7 33. Ne3 Rf8 34. Bh6 Rb7 35. Qh5 f4 36. Rxg7+ Rxg7 37. Bxg7 fxe3 38. Bxf8 Qxf8 39. Qg5+ 1-0

[Event "Kiev Independence Cup-A 4th"]
[Site "Kiev"]
[Date "2004.08.21"]
[Round "11"]
[White "Moliboga, Vladimir"]
[Black "Stopkin, Vladimir"]
[Result "1-0"]
[WhiteElo "2329"]
[BlackElo "2278"]
[PlyCount "181"]
[EventDate "2004.08.11"]
[EventType "swiss"]
[EventRounds "11"]
[EventCountry "UKR"]
[SourceTitle "EXT 2005"]
[Source "ChessBase"]
[SourceDate "2004.11.15"]
[SourceVersion "1"]
[SourceVersionDate "2004.11.15"]
[SourceQuality "1"]

1. e4 c5 2. Nf3 Nc6 3. d4 cxd4 4. Nxd4 g6 5. c4 Bg7 6. Be3 Nf6 7. Nc3 0-0 8. Be2 d6 9. 0-0 Bd7 10. Rc1 Nxd4 11. Bxd4 Bc6 12. f3 a5 13. Nd5 Nd7 14. b3 Nc5 15. Bxg7 Kxg7 16. Kh1 f5 17. exf5 gxf5 18. f4 e6 19. Qd4+ Kg8 20. Nc3 Rf6 21. Bf3 Rh6 22. Bxc6 bxc6 23. Rf3 Qe7 24. Rd1 Rf8 25. Kg1 Rg6 26. Qf2 Kf7 27. Rh3 h6 28. Rg3 Qh4 29. Rxg6 Qxf2+ 30. Kxf2 Kxg6 31. Ke3 Kf6 32. g3 h5 33. Rg1 Rb8 34. Rb1 h4 35. Kf3 hxg3 36. hxg3 Rh8 37. Kg2 e5 38. Rd1 Ke6 39. fxe5 dxe5 40. Rd2 Rb8 41. Kf3 a4 42. Nxa4 Nxa4 43. bxa4 Rb4 44. c5 Rxa4 45. Rd6+ Ke7 46. Rxc6 Ra3+ 47. Kf2 Rxa2+ 48. Kf3 Rc2 49. Ke3 Rc3+ 50. Kf2 e4 51. Kg2 Rc2+ 52. Kg1 e3 53. Kf1 Rf2+ 54. Ke1 Rg2 55. Rg6 Kf7 56. Rg5 Kf6 57. Rg8 Ke5 58. c6 Ke4 59. c7 Kf3 60. Kd1 e2+ 61. Kd2 Kf2 62. Re8 Kf1 63. Kc1 e1Q+ 64. Rxe1+ Kxe1 65. c8Q Rxg3 66. Qxf5 Rc3+ 67. Kb2 Re3 68. Qf4 Kd2 69. Qg5 Kd3 70. Qd5+ Ke2 71. Kc2 Kf2 72. Qf5+ Rf3 73. Qg4 Ke3 74. Kc3 Rf4 75. Qe6+ Re4 76. Qf5 Rf4 77. Qe5+ Kf3 78. Kd3 Rh4 79. Qf6+ Rf4 80. Qg5 Rg4 81. Qf5+ Kg3 82. Ke3 Kh4 83. Qe5 Rg5 84. Qh2+ Kg4 85. Ke4 Rg6 86. Qg2+ Kh5 87. Qh3+ Kg5 88. Ke5 Rg7 89. Qg3+ Kh6 90. Qh4+ Kg6 91. Ke6 1-0

[Event "Kiev Independence Cup-A 4th"]
[Site "Kiev"]
[Date "2004.08.20"]
[Round "10"]
[White "Stopkin, Vladimir"]
[Black "Demkovich, Anatoliy"]
[Result "0-1"]
[WhiteElo "2278"]
[BlackElo "2377"]
[PlyCount "110"]
[EventDate "2004.08.11"]
[EventType "swiss"]
[EventRounds "11"]
[EventCountry "UKR"]
[SourceTitle "EXT 2005"]
[Source "ChessBase"]
[SourceDate "2004.11.15"]
[SourceVersion "1"]
[SourceVersionDate "2004.11.15"]
[SourceQuality "1"]

1. Nf3 f5 2. g3 g6 3. Bg2 Bg7 4. d3 Nf6 5. 0-0 d6 6. c3 e5 7. e4 Nc6 8. exf5 gxf5 9. Qb3 Qe7 10. Re1 Qf7 11. d4 Qxb3 12. axb3 e4 13. Ng5 0-0 14. b4 Bd7 15. Na3 a5 16. b5 Ne7 17. b6 cxb6 18. Nc4 Nc8 19. Bf4 h6 20. Nh3 d5 21. Ne5 Be8 22. Be3 Ng4 23. Nf4 Ne7 24. Ne6 Nxe3 25. fxe3 Rf6 26. Nc7 Rc8 27. Nxe8 Rxe8 28. Bf1 Rc8 29. c4 Rd6 30. Rec1 Bxe5 31. dxe5 Rdc6 32. b3 Rc5 33. Rd1 Kf7 34. g4 Ke6 35. gxf5+ Kxe5 36. f6 Kxf6 37. Be2 Ke5 38. Rf1 Rg8+ 39. Kf2 Rf8+ 40. Kg1 Rxf1+ 41. Rxf1 dxc4 42. bxc4 a4 43. Ra1 Ra5 44. Bd1 a3 45. Bb3 Nf5 46. Kf2 Nd6 47. Ke2 b5 48. c5 Nc4 49. Ba2 Ra4 50. Rb1 Nb2 51. Kd2 b4 52. Rc1 Nd3 53. Rc4 Ra5 54. Rd4 Rxc5 55. Bc4 Rxc4 0-1

[Event "Kiev Independence Cup-A 4th"]
[Site "Kiev"]
[Date "2004.08.17"]
[Round "7"]
[White "Pavlov, Sergey1"]
[Black "Stopkin, Vladimir"]
[Result "1/2-1/2"]
[WhiteElo "2353"]
[BlackElo "2278"]
[PlyCount "47"]
[EventDate "2004.08.11"]
[EventType "swiss"]
[EventRounds "11"]
[EventCountry "UKR"]
[SourceTitle "EXT 2005"]
[Source "ChessBase"]
[SourceDate "2004.11.15"]
[SourceVersion "1"]
[SourceVersionDate "2004.11.15"]
[SourceQuality "1"]

1. e4 c5 2. Nf3 Nc6 3. d4 cxd4 4. Nxd4 g6 5. c4 Bg7 6. Be3 Nf6 7. Nc3 0-0 8. Be2 d6 9. 0-0 Bd7 10. Qd2 Nxd4 11. Bxd4 Bc6 12. Bd3 a5 13. Rae1 a4 14. Nd5 Nxd5 15. Bxg7 Kxg7 16. exd5 Bd7 17. f4 e6 18. dxe6 fxe6 19. Qe3 Qf6 20. Be4 Rac8 21. Rd1 Rxc4 22. Rxd6 Bc8 23. Qd3 Rc7 24. Qd4 1/2-1/2

[Event "Kiev Independence Cup-A 4th"]
[Site "Kiev"]
[Date "2004.08.16"]
[Round "6"]
[White "Stopkin, Vladimir"]
[Black "Serik, Maxim"]
[Result "1-0"]
[WhiteElo "2278"]
[BlackElo "2199"]
[PlyCount "75"]
[EventDate "2004.08.11"]
[EventType "swiss"]
[EventRounds "11"]
[EventCountry "UKR"]
[SourceTitle "EXT 2005"]
[Source "ChessBase"]
[SourceDate "2004.11.15"]
[SourceVersion "1"]
[SourceVersionDate "2004.11.15"]
[SourceQuality "1"]

1. Nf3 Nf6 2. g3 d6 3. Bg2 e5 4. 0-0 Be7 5. c4 0-0 6. Nc3 c6 7. b4 e4 8. Nd4 d5 9. cxd5 cxd5 10. b5 Bc5 11. Nb3 Bb6 12. a4 Re8 13. a5 Bc7 14. d3 Be5 15. d4 Bd6 16. Bg5 Be6 17. Nc5 Bxc5 18. dxc5 Nbd7 19. Qd4 Qc7 20. Rfc1 a6 21. c6 bxc6 22. bxc6 Qe5 23. Be3 Qxd4 24. Bxd4 Nf8 25. Na4 Bc8 26. Nb6 Rb8 27. e3 Ng4 28. Bf1 Ne6 29. c7 Rb7 30. Nxc8 Nxd4 31. Ne7+ Kf8 32. exd4 Kxe7 33. c8Q Rxc8 34. Rxc8 Rb2 35. Rac1 e3 36. fxe3 Nxh2 37. R8c2 Nf3+ 38. Kf2 1-0

[Event "Kiev Independence Cup-A 4th"]
[Site "Kiev"]
[Date "2004.08.13"]
[Round "3"]
[White "Dykun, Oleksandr"]
[Black "Stopkin, Vladimir"]
[Result "0-1"]
[WhiteElo "2168"]
[BlackElo "2278"]
[PlyCount "80"]
[EventDate "2004.08.11"]
[EventType "swiss"]
[EventRounds "11"]
[EventCountry "UKR"]
[SourceTitle "EXT 2005"]
[Source "ChessBase"]
[SourceDate "2004.11.15"]
[SourceVersion "1"]
[SourceVersionDate "2004.11.15"]
[SourceQuality "1"]

1. e4 c5 2. Nf3 Nc6 3. b3 Nf6 4. Nc3 d6 5. d4 cxd4 6. Nxd4 Qa5 7. Bb2 Nxe4 8. Qd3 Nf6 9. f3 Bd7 10. Nxc6 Bxc6 11. 0-0-0 e6 12. Kb1 Be7 13. h4 0-0-0 14. Qd2 Kb8 15. a4 d5 16. Qf2 Qc7 17. Bb5 Bd6 18. h5 h6 19. Qe2 Rhe8 20. Rh4 e5 21. Bxc6 bxc6 22. a5 d4 23. Ne4 Nd5 24. Nxd6 Qxd6 25. Qa6 Qc5 26. Qc4 Qxc4 27. bxc4 Ne3 28. Rd3 Nxc4 29. Rb3+ Kc7 30. Bc1 f5 31. a6 Rb8 32. Ka2 Kd6 33. g4 f4 34. g5 Rxb3 35. cxb3 Ne3 36. Ba3+ Kd5 37. gxh6 gxh6 38. Rh1 d3 39. Bc1 Rg8 40. Re1 Rg2+ 0-1

[Event "Sakharov Memorial 3rd"]
[Site "Kiev"]
[Date "2004.07.27"]
[Round "10"]
[White "Nikolaev, Leonid"]
[Black "Stopkin, Vladimir"]
[Result "1/2-1/2"]
[WhiteElo "2314"]
[BlackElo "2278"]
[PlyCount "44"]
[EventDate "2004.07.18"]
[EventType "tourn"]
[EventRounds "11"]
[EventCountry "UKR"]
[SourceTitle "EXT 2008"]
[Source "ChessBase"]
[SourceDate "2007.11.25"]
[SourceVersion "1"]
[SourceVersionDate "2007.11.25"]
[SourceQuality "1"]

1. d4 d5 2. c4 e6 3. Nf3 c5 4. cxd5 exd5 5. g3 Nc6 6. Bg2 Nf6 7. Nc3 Be7 8. 0-0 0-0 9. Be3 c4 10. Ne5 Be6 11. Nxc4 dxc4 12. d5 Nxd5 13. Nxd5 Rc8 14. Nxe7+ Qxe7 15. Qa4 Rfd8 16. Rfd1 Rxd1+ 17. Rxd1 Rd8 18. Rc1 h6 19. Bxc6 bxc6 20. Qxc6 Qb4 21. Qc7 Rd5 22. Bxa7 Qxb2 1/2-1/2